Normal view MARC view

Entry Personal Name

Number of records used in: 1

001 - CONTROL NUMBER

  • control field: 9062

003 - CONTROL NUMBER IDENTIFIER

  • control field: DLC

005 - DATE AND TIME OF LATEST TRANSACTION

  • control field: 20220723122408.0

008 - FIXED-LENGTH DATA ELEMENTS

  • fixed length control field: 880331n| azannaab |a aaa

010 ## - LIBRARY OF CONGRESS CONTROL NUMBER

  • LC control number: n 88079248

035 ## - SYSTEM CONTROL NUMBER

  • System control number: (OCoLC)oca02241183

040 ## - CATALOGING SOURCE

  • Original cataloging agency: DLC
  • Language of cataloging: eng
  • Description conventions: rda
  • Transcribing agency: DLC
  • Modifying agency: DLC
  • Modifying agency: NmU
  • Modifying agency: DLC

046 ## - SPECIAL CODED DATES

  • Birth date: 1956

100 1# - HEADING--PERSONAL NAME

  • Personal name: Kumar, Vipin,
  • Dates associated with a name: 1956-

400 1# - SEE FROM TRACING--PERSONAL NAME

  • Personal name: Kumar, V.
  • Fuller form of name: (Vipin),
  • Dates associated with a name: 1956-

670 ## - SOURCE DATA FOUND

  • Source citation: Search in artificial intelligence, c1988:
  • Information found: CIP t.p. (Vipin Kumar) galley (Computer Science Dept., U. of Texas, Austin)

670 ## - SOURCE DATA FOUND

  • Source citation: OCLC #32249372, 9/22/95
  • Information found: (hdg.: Kumar, Vipin; usage: V. Kumar)

670 ## - SOURCE DATA FOUND

  • Source citation: OCLC #10394109, 9/22/95
  • Information found: (hdg.: Kumar, Vipin, 1956-; usage: Vipin Kumar; author's Ph.D. thesis, Univ. of Md.)

670 ## - SOURCE DATA FOUND

  • Source citation: Introduction to data mining, 2018:
  • Information found: ECIP t.p. (Vipin Kumar, University of Minnesota)

Powered by Koha